| 000 | 01432nam a2200265 a 4500 | ||
|---|---|---|---|
| 001 | 000048797 | ||
| 005 | 20250204110419.0 | ||
| 008 | 190412s2019 dr ac 000 0 spa d | ||
| 020 | _a9789945089936 | ||
| 040 |
_aDO-SdBNP _bspa _cBNPHU |
||
| 082 |
_axxxx _bL473d |
||
| 100 | 1 |
_aLedesma, Luis _976250 |
|
| 245 | 1 | 0 |
_aDiccionario teatral : _bsemi enciclopédico / _cLuis Ledesma ; prólogo por Franklin Domínguez ; edición Santiago de la Cruz, Ángela Mena y Juan Luciano Amadís Rodríguez. |
| 246 | 1 | 0 | _aDiccionario teatral 759 palabras, biografías y expresiones usadas en el lenguaje técnico del teatro. |
| 260 |
_aSanto Domingo : _bUnión de Escritores de Monseñor Nouel (UEMON), _c2019. |
||
| 300 |
_a201 p. : _bil., retrs. ; _c21 cm. |
||
| 500 | _aIncluye datos biográficos del autor en la solapa de la contracubierta | ||
| 504 | _aBibliografía : p. 198-201 | ||
| 505 | 0 |
_aDedicatoria -- _tAgradecimientos -- _tComentarios de teatristas sobre esta obra y su autor -- _tPresentación por Lillyanna Díaz -- _tPrólogo por Franklin Domínguez -- _tDiccionario teatral (A-Z) -- _tDramaturgos Premio Nobel de Literatura -- _tApéndice del teatro dominicano -- _tEpilogo por Severino Uribe -- |
|
| 590 | _aInventariado, 2019/LP | ||
| 700 | 1 |
_aDomínguez, Franklin, _epról. _926932 |
|
| 700 | 1 |
_aCruz, Santiago de la, _d1961- _eed. _975112 |
|
| 700 | 1 |
_aMena, Ángela, _eed. _976252 |
|
| 700 | 1 |
_aAmadís, Juan Luciano, _eed. _943036 |
|
| 999 |
_c48285 _d48285 |
||